Normal view
MARC view
Entry Corporate Name
001 - CONTROL NUMBER
- control field: 51598
003 - CONTROL NUMBER IDENTIFIER
- control field: ARRUPE
005 - DATE AND TIME OF LATEST TRANSACTION
- control field: 20220517085658.0
008 - FIXED-LENGTH DATA ELEMENTS
- fixed length control field: 220517|| aca||aabn | a|a d
040 ## - CATALOGING SOURCE
- Original cataloging agency: ARRUPE
- Transcribing agency: ARRUPE
110 ## - HEADING--CORPORATE NAME
- Corporate name or jurisdiction name as entry element: African Capacity Building Foundation
670 ## - SOURCE DATA FOUND
- Source citation: Work cat.: (ARRUPE)131430: Institutional frameworks for addressing public sector corruption in Africa :, c2007.